000 00449cam a2200181ua 4500
020 _cRs 5.00
041 _ahin
_h
082 _a891.54
_bKAN/LO
100 _aKanhaiyalal Maniklal, Munshi.
245 _aLomaharshini /
_cKanhaiyalal Maniklal Munshi.
_hTextual Documents
250 _a3 /
_b.
260 _a :
_bRajpal and Sanch ,
_c1959.
300 _a258 ; .
365 _aRs 5.00
504 _a
942 _cBK
999 _c3636
_d3636